Poesías completas de Plácido (Gabriel de la Concepción Valdés). (Record no. 166870)

MARC details
000 -LEADER
campo de control de longitud fija 00683nam a2200169 i 4500
001 - NÚMERO DE CONTROL
campo de control 166870
003 - IDENTIFICADOR DE NÚMERO DE CONTROL
campo de control ES-MaACL
005 - FECHA Y HORA DE LA ÚLTIMA TRANSACCIÓN
campo de control 20250907063128.0
008 - DATOS DE LONGITUD FIJA--INFORMACIÓN GENERAL
campo de control de longitud fija 000711s1856 fr |||| | spa d
100 0# - ENTRADA PRINCIPAL--NOMBRE DE PERSONA
Nombre de persona Plácido,
Fechas asociadas al nombre 1809-1844
9 (RLIN) 92505
245 10 - MENCIÓN DEL TÍTULO
Título Poesías completas de Plácido (Gabriel de la Concepción Valdés).
260 ## - PUBLICACIÓN, DISTRIBUCIÓN, ETC.
Lugar de publicación, distribución, etc. Paris :
Nombre del editor, distribuidor, etc. en casa de Mme C. Denné Schmitz librería española ;
Lugar de publicación, distribución, etc. Méjico :
Nombre del editor, distribuidor, etc. libreria hispano-americana de Mellado, Contreras y Cª,
Fecha de publicación, distribución, etc. 1856 (
Lugar de fabricación/manufactura Paris :
Fabricante Typ. d'Aubusson y Kugelman)
300 ## - DESCRIPCIÓN FÍSICA
Extensión [8], 394 p. ;
Dimensiones 18 cm.
852 ## - LOCALIZACIÓN
Ubicación ES-MaACL
Número de control de estantería G-10142
Nota libre . - Enc. tela
852 ## - LOCALIZACIÓN
Ubicación ES-MaACL
Número de control de estantería D-326
Nota libre . - Enc. hol.
Holdings
Estatus retirado Estado de pérdida Estado de daño No para préstamo Colección Biblioteca de origen Biblioteca actual Ubicación en estantería Fecha de adquisición Fuente de adquisición Total de préstamos Signatura topográfica completa Código de barras Visto por última vez Precio de reemplazo Tipo de ítem Koha
        Libros del s. XIX Biblioteca del Ateneo de Madrid Biblioteca del Ateneo de Madrid Sala Valle Inclán 17/01/2008     D-326 901175037 23/02/2023 23/02/2023 Libro impreso antiguo
        Libros del s. XIX Biblioteca del Ateneo de Madrid Biblioteca del Ateneo de Madrid Sala Pecera Planta 3 17/01/2008     G-10142 1175036 23/02/2023 23/02/2023 Libro impreso antiguo